[Event "Chess House 2012"]
[Site "?"]
[Date "2012.07.12"]
[Round "6.6"]
[White "Kyhl Sørensen, 2181, Torben"]
[Black "Hagesæther, 2278, Halvard"]
[Result "0-1"]
[LiveChessVersion "1.3.1"]
[BlackElo "2278"]
[WhiteElo "2181"]

1. e4 {[%clk 1:30:56]} c5 {[%clk 1:30:54]} 2. c3 {[%clk 1:31:05]} d6
{[%clk 1:31:19]} 3. d4 {[%clk 1:31:02]} Nf6 {[%clk 1:31:40]} 4. Bd3
{[%clk 1:31:10]} g6 {[%clk 1:31:56]} 5. Nf3 {[%clk 1:31:03]} Bg7 {[%clk 1:32:17]}
6. O-O {[%clk 1:30:47]} O-O {[%clk 1:32:40]} 7. h3 {[%clk 1:27:28]} d5
{[%clk 1:32:33]} 8. e5 {[%clk 1:21:17]} Ne4 {[%clk 1:32:54]} 9. Nbd2
{[%clk 1:20:49]} Bf5 {[%clk 1:28:34]} 10. Qe2 {[%clk 1:15:21]} cxd4
{[%clk 1:26:23]} 11. cxd4 {[%clk 1:15:07]} Nc6 {[%clk 1:24:26]} 12. Rd1
{[%clk 1:13:35]} Nxd2 {[%clk 1:20:52]} 13. Bxd2 {[%clk 1:13:44]} Bxd3
{[%clk 1:17:30]} 14. Qxd3 {[%clk 1:14:11]} Qb6 {[%clk 1:14:37]} 15. b4
{[%clk 1:01:47]} Rfc8 {[%clk 1:09:02]} 16. b5 {[%clk 0:57:10]} Na5
{[%clk 1:06:58]} 17. Qa3 {[%clk 0:57:09]} Nc4 {[%clk 1:06:37]} 18. Qxe7
{[%clk 0:57:08]} Rc7 {[%clk 1:03:41]} 19. Qb4 {[%clk 0:54:06]} Rac8
{[%clk 1:00:24]} 20. Be1 {[%clk 0:45:45]} Bh6 {[%clk 0:55:31]} 21. a4
{[%clk 0:45:06]} Qe6 {[%clk 0:54:25]} 22. a5 {[%clk 0:39:22]} a6 {[%clk 0:52:50]}
23. bxa6 {[%clk 0:35:59]} bxa6 {[%clk 0:52:56]} 24. Nd2 {[%clk 0:32:23]} Bxd2
{[%clk 0:43:51]} 25. Bxd2 {[%clk 0:32:47]} Qf5 {[%clk 0:42:55]} 26. Bh6
{[%clk 0:31:11]} g5 {[%clk 0:41:01]} 27. h4 {[%clk 0:28:26]} gxh4
{[%clk 0:40:55]} 28. Qb1 {[%clk 0:25:36]} Qh5 {[%clk 0:40:15]} 29. Qc1
{[%clk 0:21:19]} Nxe5 {[%clk 0:30:58]} 30. Qg5+ {[%clk 0:21:31]} Qxg5
{[%clk 0:31:15]} 31. Bxg5 {[%clk 0:21:58]} Ng6 {[%clk 0:31:10]} 32. Rdb1
{[%clk 0:18:56]} Kg7 {[%clk 0:23:14]} 33. Rb6 {[%clk 0:16:55]} Rc6
{[%clk 0:22:05]} 34. Rab1 {[%clk 0:11:52]} h6 {[%clk 0:22:24]} 35. Bd8
{[%clk 0:11:23]} Nf4 {[%clk 0:18:47]} 36. Rxc6 {[%clk 0:06:45]} Rxc6
{[%clk 0:19:12]} 37. Rb8 {[%clk 0:06:50]} Ne2+ {[%clk 0:17:27]} 38. Kh2
{[%clk 0:07:16]} Nxd4 {[%clk 0:17:45]} 39. Ra8 {[%clk 0:06:19]} Nc2
{[%clk 0:08:15]} 40. Bb6 {[%clk 0:06:14]} Nb4 {[%clk 0:06:29]} 41. Kh3
{[%clk 0:02:44]} Kg6 {[%clk 0:06:10]} 42. Ra7 {[%clk 0:29:11]} f6
{[%clk 0:30:44]} 43. Rd7 {[%clk 0:28:44]} Kf5 {[%clk 0:30:29]} 44. Kxh4
{[%clk 0:28:28]} Ke4 {[%clk 0:28:35]} 45. f3+ {[%clk 0:28:30]} Kd3
{[%clk 0:28:48]} 46. g4 {[%clk 0:28:36]} Kc4 {[%clk 0:28:22]} 47. Be3
{[%clk 0:26:30]} Nc2 {[%clk 0:27:54]} 48. Bxh6 {[%clk 0:26:02]} d4
{[%clk 0:28:14]} 49. f4 {[%clk 0:19:00]} f5 {[%clk 0:21:17]} 50. Bg7
{[%clk 0:10:15]} d3 {[%clk 0:09:05]} 51. gxf5 {[%clk 0:03:00]} Ne3
{[%clk 0:09:26]} 52. f6 {[%clk 0:02:46]} Nd5 {[%clk 0:09:49]} 53. f7
{[%clk 0:01:48]} d2 {[%clk 0:09:05]} 54. f8=Q {[%clk 0:00:55]} d1=Q
{[%clk 0:09:28]} 55. Qf5 {[%clk 0:00:38]} Qe1+ {[%clk 0:08:46]} 56. Kg5
{[%clk 0:00:47]} Qg3+ {[%clk 0:09:03]} 57. Qg4 {[%clk 0:00:35]} Rg6+
{[%clk 0:09:24]} 58. Kxg6 {[%clk 0:01:00]} Qxg4+ {[%clk 0:09:24]} 0-1

[Event "Chess House 2012"]
[Site "?"]
[Date "2012.07.12"]
[Round "6.7"]
[White "Jacobsen, 2302, Bo"]
[Black "Eggleston, 2323, FM David"]
[Result "0-1"]
[LiveChessVersion "1.3.1"]
[BlackElo "2323"]
[WhiteElo "2302"]

1. g3 Nf6 {[%clk 1:18:00]} 2. Bg2 {[%clk 1:31:01]} e6 {[%clk 1:16:53]} 3. c4
{[%clk 1:29:32]} d5 {[%clk 1:17:13]} 4. Nf3 {[%clk 1:28:38]} Be7 {[%clk 1:16:57]}
5. O-O {[%clk 1:29:01]} O-O {[%clk 1:17:21]} 6. b3 {[%clk 1:27:50]} b6
{[%clk 1:17:21]} 7. Bb2 {[%clk 1:27:01]} Bb7 {[%clk 1:17:31]} 8. e3
{[%clk 1:27:23]} Nbd7 {[%clk 1:16:36]} 9. Qe2 {[%clk 1:26:52]} a5
{[%clk 1:08:23]} 10. Nc3 {[%clk 1:23:58]} a4 {[%clk 1:08:39]} 11. d4
{[%clk 1:20:58]} a3 {[%clk 1:03:57]} 12. Bc1 {[%clk 1:20:39]} Bb4
{[%clk 1:03:36]} 13. Bd2 {[%clk 1:18:55]} c5 {[%clk 1:02:36]} 14. Rfd1
{[%clk 1:17:21]} Qb8 {[%clk 0:56:54]} 15. Nb5 {[%clk 1:02:21]} Bxd2
{[%clk 0:55:27]} 16. Qxd2 {[%clk 0:54:19]} Bc6 {[%clk 0:47:26]} 17. Nc3
{[%clk 0:52:00]} Rd8 {[%clk 0:44:40]} 18. Rac1 {[%clk 0:49:00]} dxc4
{[%clk 0:33:42]} 19. bxc4 {[%clk 0:49:19]} Ne4 {[%clk 0:33:50]} 20. Nxe4
{[%clk 0:39:30]} Bxe4 {[%clk 0:34:19]} 21. Ne1 {[%clk 0:37:50]} Bxg2
{[%clk 0:30:52]} 22. Nxg2 {[%clk 0:37:35]} e5 {[%clk 0:28:54]} 23. Rc3
{[%clk 0:31:44]} cxd4 {[%clk 0:21:46]} 24. exd4 {[%clk 0:32:02]} Nc5
{[%clk 0:21:57]} 25. Qe3 {[%clk 0:31:21]} exd4 {[%clk 0:21:38]} 26. Rxd4
{[%clk 0:31:44]} Re8 {[%clk 0:21:25]} 27. Qc1 {[%clk 0:27:42]} Qa7
{[%clk 0:17:46]} 28. Nf4 {[%clk 0:25:39]} b5 {[%clk 0:17:20]} 29. cxb5
{[%clk 0:06:46]} Nb3 {[%clk 0:17:04]} 30. Rxb3 {[%clk 0:07:08]} Qxd4
{[%clk 0:17:29]} 31. Rxa3 {[%clk 0:07:28]} Rac8 {[%clk 0:17:18]} 32. Qb1
{[%clk 0:07:36]} Qd2 {[%clk 0:13:13]} 33. Qd3 {[%clk 0:06:44]} Rc1+
{[%clk 0:10:49]} 34. Kg2 {[%clk 0:07:06]} Qe1 {[%clk 0:10:53]} 35. Ra7
{[%clk 0:04:42]} Qg1+ {[%clk 0:10:16]} 36. Kh3 {[%clk 0:04:44]} Qxf2
{[%clk 0:08:46]} 37. Re7 {[%clk 0:02:01]} Rf8 {[%clk 0:07:09]} 38. a4
{[%clk 0:01:11]} Rh1 {[%clk 0:03:04]} 39. Re2 {[%clk 0:00:36]} Rxh2+
{[%clk 0:03:32]} 40. Kg4 {[%clk 0:01:00]} f5+ {[%clk 0:03:56]} 0-1

[Event "Chess House 2012"]
[Site "?"]
[Date "2012.07.12"]
[Round "6.8"]
[White "Papp, 2303, WGM Petra"]
[Black "Hansen, 2341, FM Mads"]
[Result "1-0"]
[LiveChessVersion "1.3.1"]
[BlackElo "2341"]
[WhiteElo "2303"]

1. e4 {[%clk 1:30:56]} e5 {[%clk 1:30:15]} 2. Nf3 {[%clk 1:31:15]} Nc6
{[%clk 1:30:33]} 3. Bb5 {[%clk 1:31:33]} a6 {[%clk 1:30:32]} 4. Ba4
{[%clk 1:31:41]} Nf6 {[%clk 1:30:49]} 5. O-O {[%clk 1:31:40]} Be7
{[%clk 1:31:05]} 6. Re1 {[%clk 1:31:29]} b5 {[%clk 1:31:24]} 7. Bb3
{[%clk 1:31:49]} d6 {[%clk 1:31:50]} 8. c3 {[%clk 1:31:51]} O-O {[%clk 1:32:11]}
9. h3 {[%clk 1:32:07]} Na5 {[%clk 1:29:03]} 10. Bc2 {[%clk 1:32:16]} d5
{[%clk 1:28:45]} 11. d4 {[%clk 1:12:48]} Nxe4 {[%clk 1:28:17]} 12. Nxe5
{[%clk 1:11:59]} f6 {[%clk 1:28:20]} 13. Nf3 {[%clk 1:09:02]} Nc4
{[%clk 1:28:15]} 14. Nbd2 {[%clk 1:02:30]} Ncxd2 {[%clk 1:28:16]} 15. Nxd2
{[%clk 1:01:50]} f5 {[%clk 1:20:45]} 16. Nf3 {[%clk 0:55:15]} Bd6
{[%clk 1:15:07]} 17. Ne5 {[%clk 0:50:36]} Qh4 {[%clk 1:09:27]} 18. Qe2
{[%clk 0:47:46]} Be6 {[%clk 0:58:42]} 19. Bb3 {[%clk 0:32:25]} Rae8
{[%clk 0:53:24]} 20. f3 {[%clk 0:29:23]} Ng3 {[%clk 0:50:30]} 21. Qf2
{[%clk 0:29:24]} f4 {[%clk 0:49:10]} 22. Kh2 {[%clk 0:29:22]} g5 {[%clk 0:47:37]}
23. Bd2 {[%clk 0:29:00]} Qh6 {[%clk 0:29:08]} 24. a4 {[%clk 0:27:14]} Rb8
{[%clk 0:28:31]} 25. Nc6 {[%clk 0:22:25]} Rb6 {[%clk 0:26:55]} 26. Nb4
{[%clk 0:21:06]} Bxb4 {[%clk 0:21:11]} 27. cxb4 {[%clk 0:21:29]} bxa4
{[%clk 0:20:06]} 28. Bxa4 {[%clk 0:21:12]} Qf6 {[%clk 0:16:03]} 29. Re5
{[%clk 0:20:42]} Rd6 {[%clk 0:15:15]} 30. Bb3 {[%clk 0:18:35]} h5
{[%clk 0:15:25]} 31. b5 {[%clk 0:17:00]} axb5 {[%clk 0:14:26]} 32. Bb4
{[%clk 0:17:15]} Nf5 {[%clk 0:13:14]} 33. Rae1 {[%clk 0:16:30]} Bf7
{[%clk 0:11:47]} 34. Bc2 {[%clk 0:14:01]} Ne3 {[%clk 0:11:46]} 35. R1xe3
{[%clk 0:12:53]} fxe3 {[%clk 0:11:54]} 36. Qxe3 {[%clk 0:09:08]} Qf4+
{[%clk 0:03:48]} 37. Qxf4 {[%clk 0:09:05]} gxf4 {[%clk 0:04:17]} 38. Rg5+
{[%clk 0:08:44]} Kh8 {[%clk 0:04:46]} 39. Bxd6 {[%clk 0:07:29]} cxd6
{[%clk 0:05:09]} 40. Bb3 {[%clk 0:03:11]} Rg8 {[%clk 0:00:33]} 41. Rf5
{[%clk 0:01:28]} 1-0

[Event "Chess House 2012"]
[Site "?"]
[Date "2012.07.12"]
[Round "6.10"]
[White "Pedersen, 2454, IM Nicolai V."]
[Black "Andersen, 2328, Jackie"]
[Result "1/2-1/2"]
[LiveChessVersion "1.3.1"]
[BlackElo "2328"]
[WhiteElo "2454"]

1. e4 {[%clk 1:29:03]} c6 {[%clk 1:25:39]} 2. d4 {[%clk 1:28:51]} g6
{[%clk 1:25:30]} 3. Nc3 {[%clk 1:21:51]} Bg7 {[%clk 1:14:59]} 4. Bc4
{[%clk 1:19:04]} d6 {[%clk 1:03:06]} 5. Qf3 {[%clk 1:18:49]} e6 {[%clk 1:03:34]}
6. Nge2 {[%clk 1:18:43]} Nd7 {[%clk 1:03:24]} 7. Bb3 {[%clk 1:11:34]} a6
{[%clk 0:53:15]} 8. h4 {[%clk 0:57:40]} h6 {[%clk 0:49:11]} 9. h5
{[%clk 0:53:37]} g5 {[%clk 0:47:11]} 10. Qg3 {[%clk 0:51:21]} Qe7
{[%clk 0:47:34]} 11. f4 {[%clk 0:47:54]} c5 {[%clk 0:47:05]} 12. dxc5
{[%clk 0:42:07]} Nxc5 {[%clk 0:46:40]} 13. fxg5 {[%clk 0:34:27]} Be5
{[%clk 0:45:36]} 14. Qg4 {[%clk 0:30:53]} b5 {[%clk 0:39:53]} 15. a3
{[%clk 0:15:02]} Bb7 {[%clk 0:29:36]} 16. Rf1 {[%clk 0:12:02]} O-O-O
{[%clk 0:27:07]} 17. Be3 {[%clk 0:10:32]} hxg5 {[%clk 0:20:02]} 18. Bxg5
{[%clk 0:06:31]} f6 {[%clk 0:19:04]} 19. Be3 {[%clk 0:06:24]} Nh6
{[%clk 0:18:27]} 20. Qh3 {[%clk 0:05:27]} Nxb3 {[%clk 0:16:26]} 21. cxb3
{[%clk 0:05:48]} Rdg8 {[%clk 0:13:52]} 22. Bf4 {[%clk 0:04:56]} Kb8
{[%clk 0:12:13]} 23. O-O-O {[%clk 0:04:08]} Ng4 {[%clk 0:10:15]} 24. Rd2
{[%clk 0:03:30]} Qh7 {[%clk 0:09:08]} 25. Nd4 {[%clk 0:01:20]} Qf7
{[%clk 0:06:20]} 26. Bxe5 {[%clk 0:01:05]} dxe5 {[%clk 0:06:17]} 27. Nc2
{[%clk 0:00:59]} Rxh5 {[%clk 0:05:26]} 28. Qd3 {[%clk 0:01:21]} Qc7
{[%clk 0:05:09]} 29. a4 {[%clk 0:01:23]} bxa4 {[%clk 0:04:56]} 30. bxa4
{[%clk 0:01:45]} Rhh8 {[%clk 0:04:37]} 31. Rfd1 {[%clk 0:01:55]} Rc8
{[%clk 0:03:47]} 32. Qf3 {[%clk 0:01:32]} Rhg8 {[%clk 0:03:10]} 33. Rd7
{[%clk 0:01:34]} Qc5 {[%clk 0:03:39]} 34. Qe2 {[%clk 0:00:32]} f5
{[%clk 0:02:11]} 35. exf5 {[%clk 0:00:38]} 1/2-1/2